|
|
|
|
| LEADER |
00000nam0a2200000 4500 |
| 001 |
366420 |
| 005 |
20231102011900.0 |
| 035 |
|
|
|a (RuTPU)RU\TPU\retro\23783
|
| 090 |
|
|
|a 366420
|
| 100 |
|
|
|a 20220208d1978 m y0rusy50 ca
|
| 101 |
0 |
|
|a rus
|
| 102 |
|
|
|a RU
|
| 105 |
|
|
|a a j 001zy
|
| 200 |
1 |
|
|a Внутренние водные пути
|e учебное пособие
|f А. Б. Мошков
|g Ленинградский политехнический институт им. М. И. Калинина
|
| 210 |
|
|
|a Ленинград
|c [Б. и.]
|d 1978
|
| 215 |
|
|
|a 56 с.
|c ил.
|
| 320 |
|
|
|a Библиогр.: с. 54
|
| 606 |
1 |
|
|a Водные пути,внутренние
|2 stltpush
|3 (RuTPU)RU\TPU\subj\2758
|9 31281
|
| 610 |
1 |
|
|a суда
|
| 610 |
1 |
|
|a условия отстоя
|
| 610 |
1 |
|
|a шлюзы
|
| 610 |
1 |
|
|a шлюзовые камеры
|
| 610 |
1 |
|
|a лабораторные исследования
|
| 610 |
1 |
|
|a учебные пособия
|
| 675 |
|
|
|a 627(075.8)
|v 4
|
| 700 |
|
1 |
|a Мошков
|b А. Б.
|g Александр Борисович
|
| 712 |
0 |
2 |
|a Ленинградский политехнический институт им. М. И. Калинина
|c (1924-1930, 1940-1990)
|2 stltpush
|3 (RuTPU)RU\TPU\col\2601
|9 23711
|
| 801 |
|
1 |
|a RU
|b 63413507
|c 20140926
|
| 801 |
|
2 |
|a RU
|b 63413507
|c 20220208
|g RCR
|
| 942 |
|
|
|c BK
|